| 000 | 01095nam a22002657a 4500 | ||
|---|---|---|---|
| 001 | 000195646 | ||
| 003 | AM-YeHGA | ||
| 005 | 20250617123858.0 | ||
| 008 | 950417s1988 | ||
| 020 |
_a5335000058 _c00.85 |
||
| 040 | _aAM-YeHGA | ||
| 041 | 0 | _arus | |
| 100 | 1 | _aМоисеев, Геннадий Васильевич | |
| 245 | 1 | 0 |
_aУправление научно-производственными комплексами / _cГ.В. Моисеев, Б.И. Алексеев, Г.П. Ханин. |
| 260 | 0 |
_aКиев : _bТэхника , _c1988. |
|
| 300 |
_a146,[2] с. ; _c21 см. |
||
| 500 | _aամբողջապես կամ մեկ օրացույցային տարվա ընթացքում հրատարակվող մենագրություն 1988 | ||
| 500 | _aայլ | ||
| 500 | _aБиблиогр.: с. 145-147 (55 назв.) | ||
| 650 | 1 | 4 | _aНаучно-производственные объединения - Управление |
| 700 | 1 | _aАлексеев, Борис Иванович | |
| 700 | 1 | _aХанин, Геннадий Петрович | |
| 942 |
_2udc _cBK |
||
| 090 | _c68914 | ||
| 999 |
_c67757 _d67757 |
||